Dopad produktivity na výkonnosť ekonomiky Slovenska

Makroekonomická situácia a ekonomická výkonnosť Slovenska. Analýza produktivít slovenskej ekonomiky: produktivita práce, kapitálu, zdrojov a multifaktorová produktivita. Vplyv vybraných typov produktivít na výkonnosť slovenskej ekonomiky.

Saved in:
Bibliographic Details
Main Author: Megyesiová, Silvia, 1969-
Other Authors: Biskup, Tadeáš, Rozkošová, Anna
Format: Book Chapter
Language:Slovak
Subjects:
Tags: Add Tag
No Tags, Be the first to tag this record!

MARC

LEADER 00000naa$a2200000$$$4500
001 0252466
005 20240502074041.4
041 0 |a slo 
044 |a SK 
245 1 0 |a Dopad produktivity na výkonnosť ekonomiky Slovenska  |c Silvia Megyesiová, Tadeáš Biskup, Anna Rozkošová 
520 |a Makroekonomická situácia a ekonomická výkonnosť Slovenska. Analýza produktivít slovenskej ekonomiky: produktivita práce, kapitálu, zdrojov a multifaktorová produktivita. Vplyv vybraných typov produktivít na výkonnosť slovenskej ekonomiky. 
610 2 0 |a výkonnosť ekonomiky 
610 2 0 |a produktivita práce 
610 2 0 |a produktivita kapitálu 
610 2 0 |a spotreba materiálu 
610 2 0 |a rast hospodársky 
610 2 0 |a inflácia 
610 2 0 |a nezamestnanosť 
610 2 0 |a produkt domáci hrubý 
610 2 0 |a Slovensko 
100 1 |a Megyesiová, Silvia, 1969- 
700 1 |a Biskup, Tadeáš 
700 1 |a Rozkošová, Anna